Interaktívna mapa pre obchodné centrum diplomová práca

Gespeichert in:
Bibliographische Detailangaben
1. Verfasser: Dubec, Marcel
Körperschaft: Fakulta hospodárskej informatiky EU. Katedra aplikovanej informatiky
Weitere Verfasser: Sojka, Pavol, 1978-
Format: Buch
Sprache:Slowakisch
Veröffentlicht: Bratislava 2025
Tags: Tag hinzufügen
Keine Tags, Fügen Sie das erste Tag hinzu!

MARC

LEADER 00000nbm a2200000 4500
001 0310398
005 20251121095535.2
041 0 |a slo 
044 |a SK 
245 1 0 |a Interaktívna mapa pre obchodné centrum  |b diplomová práca  |c Marcel Dubec ; školiteľ: Pavol Sojka 
264 1 |a Bratislava  |c 2025 
300 |a 56 s. 
100 1 |a Dubec, Marcel 
700 1 |a Sojka, Pavol, 1978- 
710 2 |a Fakulta hospodárskej informatiky EU. Katedra aplikovanej informatiky